| 000 | 00524nam a22001577a 4500 | ||
|---|---|---|---|
| 005 | 20251108164122.0 | ||
| 008 | 250721s1981 xx 000 0 ara d | ||
| 082 | 1 | 4 | _a336.2009565/هيك |
| 245 | 1 | 0 | _aالهيكل الضريبي في المملكة الأردنية الهاشمية / |
| 264 | 1 |
_aعمان : _bمجلس الوحدة الإقتصادية العربية - الأمانة العامة، _c1981. |
|
| 300 | _a116ص | ||
| 650 | 1 | 7 | _aالضرائب |
| 650 | 1 | 7 | _aالأردن |
| 942 |
_2ddc _cBK |
||
| 999 |
_c4088 _d4088 |
||